Shameless: Every Episode Quiz Stats

 Plays Quiz not verified by Sporcle

Support Sporcle.
Go Orange.
Score 0/122 Timer 20:00
0 Plays Today
Episode Title % Correct
S1: E1Pilot
77.8%
S10: E12Gallavich!
66.7%
S1: E3Aunt Ginger
61.1%
S1: E6Killer Carl
61.1%
S1: E7Frank Gallagher: Loving Husband, Devoted Father
61.1%
S4: E11Emily
61.1%
S2: E9Hurricane Monica
55.6%
S2: E11Just Like the Pilgrims Intended
55.6%
S2: E1Summertime
50%
S2: E2Summer Loving
50%
S3: E6Cascading Failures
50%
S3: E11Order Room Service
50%
S1: E2Frank the Plank
44.4%
S1: E4Casey Casden
44.4%
S1: E8It's Time To Kill the Turtle
44.4%
S1: E11Daddyz Girl
44.4%
S1: E12Father Frank, Full of Grace
44.4%
S2: E12Fiona Interrupted
44.4%
S3: E2The American Dream
44.4%
S3: E3May I Trim Your Hedges?
44.4%
S4: E12Lazarus
44.4%
S5: E1Milk of the Gods
44.4%
S5: E8Uncle Carl
44.4%
S2: E4A Beautiful Mess
38.9%
S3: E1El Gran Cañon
38.9%
S3: E5The Sins of My Caretaker
38.9%
S3: E9Frank the Plumber
38.9%
S3: E12Survival of the Fittest
38.9%
S4: E2My Oldest Daughter
38.9%
S4: E4Strangers on a Train
38.9%
S4: E9The Legend of Bonnie and Carl
38.9%
S5: E6Crazy Love
38.9%
S5: E10South Side Rules
38.9%
S1: E5Three Boys
33.3%
S1: E9But at Last Came a Knock
33.3%
S2: E3I'll Light a Candle For You Every Day
33.3%
S2: E6Can I Have a Mother?
33.3%
S2: E7A Bottle of Jean Nate
33.3%
S2: E8Parenthood
33.3%
S2: E10A Great Cause
33.3%
S4: E3Like Father, Like Daughter
33.3%
Episode Title % Correct
S4: E6Iron City
33.3%
S4: E8Hope Springs Paternal
33.3%
S4: E10Liver, I Hardly Know Her
33.3%
S5: E2I'm the Liver
33.3%
S5: E3The Two Lisas
33.3%
S5: E9Carl's First Sentencing
33.3%
S5: E11Drugs Actually
33.3%
S5: E12Love Songs (In the Key of Gallagher)
33.3%
S6: E1I Only Miss Her When I'm Breathing
33.3%
S6: E2#AbortionRules
33.3%
S6: E3The F Word
33.3%
S7: E3Home Sweet Homeless Shelter
33.3%
S7: E9Ouroboros
33.3%
S7: E10Ride or Die
33.3%
S9: E6Face It, You're Gorgeous
33.3%
S1: E10Nana Gallagher Had An Affair
27.8%
S2: E5Father's Day
27.8%
S3: E4The Helpful Gallaghers
27.8%
S3: E7A Long Way from Home
27.8%
S3: E8When There's a Will
27.8%
S3: E10Civil Wrongs
27.8%
S4: E1Simple Pleasures
27.8%
S4: E5There's the Rub
27.8%
S4: E7A Jailbird, Invalid, Martyr, Cutter, Retard and Parasitic Twin
27.8%
S5: E5Rite of Passage
27.8%
S5: E4A Night to Remem...Wait, What?
27.8%
S5: E7Tell Me You F**king Need Me
27.8%
S6: E7Pimp's Paradise
27.8%
S6: E9A Yurt of One's Own
27.8%
S7: E2Swipe, F**k, Leave
27.8%
S7: E8You Sold Me the Laundromat, Remember?
27.8%
S7: E11Happily Ever After
27.8%
S7: E12Requiem for a ****
27.8%
S8: E10The Church of Gay Jesus
27.8%
S8: E12Sleepwalking
27.8%
S9: E1Are You There Shim? It's Me, Ian
27.8%
S9: E5Black-Haired Ginger
27.8%
S10: E10Now Leaving Illinois
27.8%
S10: E11Location, Location, Location
27.8%
S6: E6NSFW
22.2%
S6: E10Paradise Lost
22.2%
Episode Title % Correct
S7: E1Hiraeth
22.2%
S7: E5Own Your Sh*t
22.2%
S7: E4I Am a Storm
22.2%
S7: E6The Defenestration of Frank
22.2%
S8: E2Where's My Meth?!
22.2%
S8: E3God Bless Her Rotting Soul
22.2%
S8: E4F**k Paying It Forward
22.2%
S8: E5The (Mis)Education of Liam Fergus Beircheart Gallagher
22.2%
S8: E7Occupy Fiona
22.2%
S9: E7Down Like the Titanic
22.2%
S9: E13Lost
22.2%
S9: E14Found
22.2%
S10: E1We Few, We Lucky Few, We Band of Gallaghers!
22.2%
S10: E3Which America?
22.2%
S10: E2Sleep Well My Prince For Tomorrow You Shall Be King
22.2%
S10: E5Sparky
22.2%
S10: E6Adios Gringos
22.2%
S10: E7Citizen Carl
22.2%
S10: E9O Captain, My Captain
22.2%
S6: E4Going Once, Going Twice
16.7%
S6: E5Refugees
16.7%
S6: E8Be a Good Boy. Come for Grandma.
16.7%
S6: E11Sleep No More
16.7%
S6: E12Familia Supra Gallegorious Omnia!
16.7%
S8: E1We Become What We... Frank!
16.7%
S8: E6Icarus Fell. And Rusty Ate Him
16.7%
S8: E9The Fugees
16.7%
S8: E11A Gallagher Pedicure
16.7%
S9: E2Mo White!
16.7%
S9: E3Weirdo Gallagher Vortex
16.7%
S9: E4Do Right, Vote White!
16.7%
S9: E8The Apple Doesn't Fall Far from the Alibi
16.7%
S9: E9BOOOOOOOOOOOONE!
16.7%
S9: E10Los Diablos!
16.7%
S9: E11The Hobo Games
16.7%
S9: E12You'll Know the Bottom When You Hit It
16.7%
S10: E4A Little Gallagher Goes a Long Way
16.7%
S10: E8Debbie Might Be a Prostitute
16.7%
S7: E7You'll Never Get a Chicken in Your Whole Entire Life
5.6%
S8: E8Frank's Northern Southern Express
5.6%

You're not logged in!

Compare scores with friends on all Sporcle quizzes.
OR
Log In

From the Vault

Sporty Teddy Bears

by PrincessMartell

This quiz is so cute we can hardly bear it.
Remove Ads.
Support Sporcle.
Get the best of Sporcle when you Go Orange. This ad-free experience offers more features, more stats, and more fun while also helping to support Sporcle. Thank you for becoming a member.

Show Comments

Extras

Created Feb 18, 2020ReportNominate
Tags:episode, shameless

Top Quizzes Today


Score Distribution

Your Account Isn't Verified!

In order to create a playlist on Sporcle, you need to verify the email address you used during registration. Go to your Sporcle Settings to finish the process.

Report this User

Report this user for behavior that violates our Community Guidelines.

Details: